000 01192pam a2200301 a 4500
001 4432479
003 EG-ScBUE
005 20220203102038.0
008 940322s1994 enk f 000 1 eng d
020 _a9780330419062
020 _a0330419064
040 _aDLC
_beng
_erda
_cDLC
_dDLC
_dEG-ScBUE
082 0 4 _a823.914
_bARC
_222
100 1 _aArcher, Jeffrey,
_d1940-
_eauthor.
_940709
245 1 0 _aTwelve red herrings /
_cJeffrey Archer.
264 1 _aLondon :
_bPan Macmillan Ltd,
_c1994.
300 _a405 pages ;
_c24 cm
336 _2rdacontent
_atext
_btxt
337 _2rdamedia
_aunmediated
_bn
338 _2rdacarrier
_avolume
_bnc
505 0 _aTrial and error -- Cheap at half the price -- Dougie Mortimer's right arm -- Do not pass go -- Chunnel vision -- Shoeshine boy -- You'll never live to regret it -- Never stop on the motorway -- Not for sale -- Timeo Danaos-- -- An eye for an eye -- One man's meat-- .
650 7 _aShort stories, English.
_2BUEsh
651 _2BUEsh
653 _bHHUUEENN
_cFebruary2022
655 _vReading book
_934232
942 _2ddc
_cBB
999 _c10621
_d10621